Clef de la langue française (Record no. 8466)

MARC details
000 -CABECERA
campo de control de longitud fija 00650nam a2200229 a 4500
003 - IDENTIFICADOR DEL NÚMERO DE CONTROL
campo de control MX-MxUPN
005 - FECHA Y HORA DE LA ÚLTIMA TRANSACCIÓN
campo de control 20240816103935.0
008 - ELEMENTOS DE LONGITUD FIJA--INFORMACIÓN GENERAL
campo de control de longitud fija 991125s1911 mx gr 000 0 fre d
035 ## - NÚMERO DE CONTROL DEL SISTEMA
Número de control de sistema UPN01000008466
040 ## - FUENTE DE LA CATALOGACIÓN
Centro catalogador/agencia de origen MX-MxUPN
Lengua de catalogación spa
Centro/agencia transcriptor MX-MxUPN
041 ## - CÓDIGO DE IDIOMA
Código de lengua del texto/banda sonora o título independiente spa
050 #4 - SIGNATURA TOPOGRÁFICA DE LA BIBLIOTECA DEL CONGRESO
Número de clasificación PC2117
Número de documento/Ítem R6.2
100 1# - ASIENTO PRINCIPAL--NOMBRE PERSONAL
Nombre de persona Rodier, Louis
9 (RLIN) 53063
245 10 - MENCIÓN DE TÍTULO
Título Clef de la langue française
260 ## - PUBLICACIÓN, DISTRIBUCIÓN, ETC.
Lugar de publicación, distribución, etc. México :
Nombre del editor, distribuidor, etc. Imprenta Universal,
Fecha de publicación, distribución, etc. 1911.
300 ## - DESCRIPCIÓN FÍSICA
Extensión volúmenes :
Otras características físicas ilustraciones
500 ## - NOTA GENERAL
Nota general La biblioteca tiene los volúmenes 1 y 3
650 #4 - ASIENTO SECUNDARIO DE MATERIA - TERMINO TEMATICO
Término de materia o nombre geográfico como elemento de entrada Francés
Subdivisión de forma Libros de texto
9 (RLIN) 52315
902 ## - ELEMENTOS DE DATOS B LOCAL, LDB (RLIN)
Modificó MaríaRobles/160824
905 ## - TIPO DE MATERIAL
Tipo de material Libro
942 ## - ELEMENTOS DE PUNTO DE ACCESO ADICIONAL (KOHA)
Fuente del sistema de clasificación o colocación Library of Congress Classification
Tipo de ítem Koha Libro
Suprimir en OPAC No
Holdings
Estado de retiro Estado de pérdida Fuente del sistema de clasificación o colocación Estado dañado No para préstamo Código de colección Localización permanente Ubicación/localización actual Ubicación en estantería Fecha de adquisición Enumeración/cronología de publicación seriada Clasificación Código de barras Fecha visto por última vez Tipo de ítem Koha
    Library of Congress Classification   Disponible (Previa cita) Fondo Reservado de libros Bib. Gregorio Torres Quintero Bib. Gregorio Torres Quintero Sala de Fondos Reservados Planta alta 13/09/2022 v.3 PC2117 R6.2 123321 31/12/2020 Libro
    Library of Congress Classification   Disponible (Previa cita) Fondo Reservado de libros Bib. Gregorio Torres Quintero Bib. Gregorio Torres Quintero Sala de Fondos Reservados Planta alta 13/09/2022 v.1 PC2117 R6.2 123322 31/12/2020 Libro